Joyful dance for Woodwind Quintet

Hlavní autor: McKay, George Frederick, 1899-1970
Jazyk: Nelze použít, není lingvistický obsah
Vydáno: New York : [s. n.], 1949
Fyzický popis: 4 s.
Hudebniny Hudebniny
Uloženo v:
LEADER 00744ncm a22002172a 4500
001 001100592
003 CZ BrMZK
005 20110525102319.0
007 qu
008 100607s1949 xxu|||||||||||||||||zxx d
040 |a BOA001  |b cze 
072 7 |a 785  |x Instrumentální hudba. Symfonická hudba. Hudba pro více nástrojů  |2 Konspekt  |9 9 
100 1 |a McKay, George Frederick,  |d 1899-1970  |7 mzk2011621445  |4 cmp 
245 1 0 |a Joyful dance for Woodwind Quintet  |h [hudebnina] /  |c Georg Frederick McKay 
260 |a New York :  |b [s. n.],  |c 1949 
300 |a 4 s. 
500 |a Partitura 
910 |a BOA001  |b Mus3-0607.587 
990 |a MU 
991 |b 201006 
996 7 |b 2610623199  |c Mus3-0607.587  |l MZK  |r Sklad / do 1 hodiny  |n 0  |p dar  |w 001127187  |u 000020  |a 1  |e BOA001  |j MZK50  |s A